Rashmon And Seventeen Other Stories. (Record no. 22808)

MARC details
000 -LEADER
fixed length control field 00583nam a22001937a 4500
003 - CONTROL NUMBER IDENTIFIER
control field OSt
005 - DATE AND TIME OF LATEST TRANSACTION
control field 20260521121035.0
008 - FIXED-LENGTH DATA ELEMENTS--GENERAL INFORMATION
fixed length control field 260521b |||||||| |||| 00| 0 eng d
020 ## - INTERNATIONAL STANDARD BOOK NUMBER
International Standard Book Number 978-0-140-44970-9
040 ## - CATALOGING SOURCE
Transcribing agency Chuka University.
100 ## - MAIN ENTRY--PERSONAL NAME
Personal name Akutagawa Ryunosuke.
9 (RLIN) 26247
245 ## - TITLE STATEMENT
Title Rashmon And Seventeen Other Stories.
260 ## - PUBLICATION, DISTRIBUTION, ETC.
Place of publication, distribution, etc. New York
Name of publisher, distributor, etc. Penguin Group
Date of publication, distribution, etc. 2006
300 ## - PHYSICAL DESCRIPTION
Extent 268P
650 ## - SUBJECT ADDED ENTRY--TOPICAL TERM
Topical term or geographic name entry element Short Stories, Japanese.
9 (RLIN) 26248
650 ## - SUBJECT ADDED ENTRY--TOPICAL TERM
Topical term or geographic name entry element Japan---Social life and cutoms
9 (RLIN) 26249
650 ## - SUBJECT ADDED ENTRY--TOPICAL TERM
Topical term or geographic name entry element Japanese Ficytion---Translation into English.
9 (RLIN) 26250
942 ## - ADDED ENTRY ELEMENTS (KOHA)
Source of classification or shelving scheme Library of Congress Classification
Koha item type Long Loan Books
Suppress in OPAC No
Holdings
Withdrawn status Lost status Source of classification or shelving scheme Damaged status Not for loan Collection Home library Current library Shelving location Date acquired Total Checkouts Full call number Barcode Date last seen Price effective from Koha item type
    Library of Congress Classification     General Collection Books Main Campus Library Main Campus Library Fiction 21/05/2026   PL 801 .R37 2006 32048/2026 21/05/2026 21/05/2026 Long Loan Books

Powered by Koha